000 00438nam a2200133Ia 4500
008 170221s9999 xx 000 0 und d
100 _aGuo Jing-ying
245 _aDilemma of Empowerment: Responsibility Attribution in Prison Counseling
245 _cGuo Jing-ying
260 _bStudies in Media and Communication
650 _xCommunication
650 _xMedia Arts
856 _uhttp://redfame.com/journal/index.php/smc/issue/view/16
999 _c312859
_d312859